Enterprise risk management and fraud examination processes (Record no. 4039)

MARC details
000 -LEADER
fixed length control field 00444nam a22001457a 4500
008 - FIXED-LENGTH DATA ELEMENTS--GENERAL INFORMATION
fixed length control field 250702b |||||||| |||| 00| 0 eng d
020 ## - INTERNATIONAL STANDARD BOOK NUMBER
ISBN 9789789863938
100 ## - MAIN ENTRY--AUTHOR
Author Moloi Tankis o
245 ## - TITLE STATEMENT
Title Enterprise risk management and fraud examination processes
260 ## - PUBLICATION, DISTRIBUTION, ETC. (IMPRINT)
Place of publication Lagos
Name of publisher Oge business school publisher
Date of publication 2021
300 ## - COLLATION
Pagination xviii, 192p.
Other physical details ill.
650 ## - TRACINGS
Main Subject Commercial- preventation
Subdivision (1st) Risk management
942 ## - ADDED ENTRY ELEMENTS (KOHA)
Item type Books
050 ## - LIBRARY OF CONGRESS CALL NUMBER
Classification number HV6768
Item number .M65
Holdings
Source of classification or shelving scheme Not for loan Permanent location Current location Date acquired Accession No. Full call number Barcode. Koha item type
Library of Congress Classification   Samuel Ogbemudia Main Library, University of Abuja Samuel Ogbemudia Main Library, University of Abuja 07/02/2025 2025/65081 HV6768.M65 2025-2758 Books